How smart are you - Statistics

General Stats
  • This quiz has been taken 92 times
  • The average score is 3 of 6
Answer Stats
Question Answer % Correct
Pick one. 1
100%
What is the Thumbnail picture Question mark?
86%
What is I+I= Window
57%
What is 2+2= Fish
29%
What is the answer what
29%
How many questions could have more then one answer Zero
29%
No matching quizzes found
Score Distribution
Percent of People with Each Score
Percentile by Number Answered
Your Score History
You have not taken this quiz